000
00308nam a2200133Ia 4500
008
191201s1991 xx 000 0 und d
100
_a
VENKATARMAN,G
245
0
_a
Many Phases of Matter
250
_a
1st
260
_a
N. Delhi
_b
University Press
_c
1991
300
_a
98
650
_a
Applied
942
_2
ddc
_c
BK
999
_c
679
_d
679